书目信息 |
| 题名: |
美国战略情报与决策体制研究
|
|
| 作者: | 高金虎 著 | |
| 分册: | ||
| 出版信息: | 西安 陕西师范大学出版社 2004 |
|
| 页数: | 251页 | |
| 开本: | 21cm | |
| 丛书名: | 国际战略研究丛书 | |
| 单 册: | ||
| 中图分类: | D771.209 | |
| 科图分类: | ||
| 主题词: | 国家--发展战略--决策--研究--美国 , 国家--发展战略--情报学--研究--美国 | |
| 电子资源: | ||
| ISBN: | 7-5613-2595-9 | |
| 000 | 01085nam0 2200325 450 | |
| 000 | 01048nam0 2200313 450 | |
| 000 | 01046nam0 2200325 450 | |
| 000 | 00992nam0 2200301 450 | |
| 000 | 00988nam0 2200289 450 | |
| 000 | 00951nam0 2200277 45 | |
| 001 | TS-174554 | |
| 005 | 20070115111016.18 | |
| 010 | @a7-5613-2595-9@dCNY22.00 | |
| 100 | @a20060829d2004 em y0chiy0110 ea | |
| 101 | 0 | @achi |
| 102 | @aCN@b610000 | |
| 105 | @ay z 000yy | |
| 200 | 1 | @a美国战略情报与决策体制研究@AMei Guo Zhan Lue Qing Bao Yu Jue Ce Ti Zhi Yan Jiu@f高金虎著@FGao Jin Hu Zhu |
| 210 | @a西安@c陕西师范大学出版社@d2004 | |
| 215 | @a251页@d21cm | |
| 225 | 2 | @a国际战略研究丛书@f刘宗和主编 |
| 410 | 0 | @12001 @a国际战略研究丛书 |
| 606 | 0 | @a国家@x发展战略@x决策@x研究@y美国 |
| 606 | 0 | @a国家@x发展战略@x情报学@x研究@y美国 |
| 690 | @aD771.209@v4 | |
| 701 | 0 | @a高金虎@AGao Jin Hu@4著 |
| 801 | 0 | @aCN@b中图数据@c20070115 |
| 905 | @a10447@dD771.209@e322 | |
| 美国战略情报与决策体制研究/高金虎著.-西安:陕西师范大学出版社,2004 |
| 251页;21cm.-(国际战略研究丛书/刘宗和主编) |
| ISBN 7-5613-2595-9:CNY22.00 |
| ● |
| 相关链接 |
|
|
|
|
正题名:美国战略情报与决策体制研究
索取号:D771.209/322
 
预约/预借
| 序号 | 登录号 | 条形码 | 馆藏地/架位号 | 状态 | 备注 |
| 1 | 0612638 | 206126388 | 第一样本阅览室/ [索取号:D771.209/322] | 在馆 | |
| 2 | 0612639 | 206126397 | 第一借阅区/ [索取号:D771.209/322] | 在馆 | |
| 3 | 0612640 | 206126404 | 第一借阅区/ [索取号:D771.209/322] | 在馆 | |
| 4 | 0612641 | 206126413 | 第一借阅区/ [索取号:D771.209/322] | 在馆 | |
| 5 | 0612642 | 206126422 | 第一借阅区/ [索取号:D771.209/322] | 在馆 | |
| 6 | 0612643 | 206126431 | 第一借阅区/ [索取号:D771.209/322] | 在馆 |